| 000 | 00445nam a22001697a 4500 | ||
|---|---|---|---|
| 003 | SGT | ||
| 020 | _a9789332573819 | ||
| 082 |
_a150.28 _bP23G |
||
| 100 | _aGREGORY, ROBERT J. | ||
| 245 | _aPSYCHOLOGICAL TESTING: HISTORY, PRINCIPLES AND APPLICATION | ||
| 250 | _a7TH | ||
| 260 |
_aINDIA _bPEARSON _c2023 |
||
| 300 | _a602 | ||
| 650 | _aAUDIOLOGY | ||
| 653 | _aPSYCHOLOGICAL TESTING: HISTORY, PRINCIPLES AND APPLICATION | ||
| 942 |
_2ddc _cBK |
||
| 999 |
_c27197 _d27197 |
||